MARC

LEADER 00000nas a2200000 a 4500
001 ssj0001866
003 WaSeSS
005 20200512172242.0
006 m d
007 cr n
008 960912c19729999ncumn pss f0 a0eng c
010 |a sn 96047857  
016 7 |a 2067353-X  |2 DE-600 
022 |a 1552-9924  |l 0091-6765  |y 0091-6765 
035 |a (WaSeSS)ssj0001866 
037 |a 717-140-00000-1  |b Paper version available from: Supt. of Docs., P.O. Box 371954, Pittsburgh, PA 15250-7954 
040 |a WAU  |b eng  |c WAU  |d OCL  |d MXC  |d OCLCQ  |d MXC  |d OCLCQ  |d GPO  |d OCLCQ  |d NSD  |d OCLCQ  |d EYM  |d OCLCQ  |d GPO  |d OCLCQ  |d OCLCO  |d OCLCQ  |d OCLCF  |d OCLCO  |d GBT  |d CUS  |d EUW  |d OCLCQ  |d OCLCO  |d OCLCQ  |d DEBBG  |d BUF  |d U3W  |d MSL  |d MST  |d MOW  |d UUM  |d NTG  |d WYU  |d AUD  |d VT2  |d WaSeSS 
042 |a pcc  |a nsdp 
050 1 4 |a RA565.A1 
060 0 0 |a W1  |b EN984AB 
074 |a 0507-P-02 (online) 
082 1 0 |a 614  |2 13 
086 0 |a HE 20.3559: 
130 0 |a Environmental health perspectives (Online) 
210 0 |a Environ. health perspect.  |b (Online) 
222 0 |a Environmental health perspectives  |b (Online) 
245 1 0 |a Environmental health perspectives  |h [electronic resource] :  |b EHP. 
246 3 0 |a EHP 
246 1 |i Called also:  |a EHP online 
260 |a Research Triangle Park, N.C. :  |b National Institute of Environmental Health Sciences, National Institutes of Health, Dept. of Health, Education and Welfare,  |c 1972- 
310 |a Monthly, with an annual review and additional special issues,  |b 2003- 
321 |a Frequency varies,  |b 1972-Apr. 1993 
321 |a Monthly,  |b Apr. 22, 1993-2002 
362 0 |a No. 1 (Apr. 1972)- 
500 |a Title from cover (JSTOR, viewed Sept. 13, 2006). 
506 |a License restrictions may limit access. 
515 |a Issues for Apr. 1972-May 1974 called experimental issues no. 1-7 but constitute v. 1-7; v. 1-100 each complete in one issue; v. 101 complete in 7 issues. 
538 |a Mode of access: available via Internet at the National Institute of Environmental Health Sciences web site. Address as of Sept. 3, 2009: http://ehpnet1.niehs.nih.gov/docs/allpubs.html ; current access available via PURL. 
580 |a Had quarterly toxicogenomics edition: EHP toxicogenomics (Online), which was absorbed after one issue, 2003. 
588 |a Latest issue consulted: Vol. 118/12 (Dec. 2010). 
650 0 |a Environmental health  |v Periodicals. 
650 0 |a Environmental toxicology  |v Periodicals. 
650 7 |a Environmental health.  |2 fast  |0 (OCoLC)fst00912999 
650 7 |a Environmental toxicology.  |2 fast  |0 (OCoLC)fst00913536 
650 2 |a Environmental Health  |v Periodicals. 
655 0 |a Electronic journals. 
710 2 |a National Institute of Environmental Health Sciences. 
770 0 |t Environmental health perspectives. Supplements (Online) 
776 0 8 |i Print version, -2012:  |t Environmental health perspectives  |x 0091-6765  |w (DLC) 76642723  |w (OCoLC)1727134 
780 1 5 |t EHP toxicogenomics (Online)  |x 1542-4367  |w (DLC) 2002213052  |w (OCoLC)50952098 
850 |a WaU 
856 4 0 |z Full text available from Research Library: 01/01/2004 to 12/31/2012  |u https://search.proquest.com/publication/48869 
856 4 0 |z Full text available from Research Library: 01/01/2013 to present  |u https://search.proquest.com/publication/2026371